| 000 | 00540nam a2200181 i 4500 | ||
|---|---|---|---|
| 001 | 95791 | ||
| 003 | ES-MaACL | ||
| 005 | 20230906181755.0 | ||
| 007 | t| | ||
| 008 | 050606s1972 sp ||||1| spa d | ||
| 100 | 1 |
_aMacclary, Jane Macllvaine. _975086 |
|
| 245 | 1 | 0 |
_aPasto de zorras / _cJane McIlvaine McClary; [traducido por Ramón Hernández Sol]. |
| 250 | _a[1ª ed.]. | ||
| 260 |
_aBarcelona : _bGrijalbo, _c1972. |
||
| 300 |
_a630 p. ; _c20 cm. |
||
| 700 | 1 |
_aHernández Sol, Ramón. _963057 |
|
| 852 |
_aES-MaACL _jC-54275 _bR.87090 |
||
| 999 |
_c95791 _d95791 |
||